ბათუმის შოთა რუსთაველის სახელმწიფო უნივერსიტეტის ბიბლიოთეკა

43 ლექსი:1 პოემა. (ბიბ.ჩანაწერი № 43946)

000 -LEADER
fixed length control field 00685nam a2200217Ia 4500
001 - CONTROL NUMBER
control field 10695
003 - CONTROL NUMBER IDENTIFIER
control field GE_BSU
008 - FIXED-LENGTH DATA ELEMENTS--GENERAL INFORMATION
fixed length control field 181216s||||||||xx |||||||||||||| ||und||
040 ## - CATALOGING SOURCE
Transcribing agency GE_BSU
080 ## - UNIVERSAL DECIMAL CLASSIFICATION NUMBER
Universal Decimal Classification number 821.353.1-1+821.353.1–11
100 ## - MAIN ENTRY--PERSONAL NAME
Personal name ფხოველი,ჯარჯი
245 ## - TITLE STATEMENT
Title 43 ლექსი:1 პოემა.
245 ## - TITLE STATEMENT
Remainder of title ლექსები,პოემა.
245 ## - TITLE STATEMENT
Statement of responsibility, etc. რედ.გრ. ჯულუხიძე; მხატვ.გ.წერეთელი.
260 ## - PUBLICATION, DISTRIBUTION, ETC.
Place of publication, distribution, etc. თბილისი.
260 ## - PUBLICATION, DISTRIBUTION, ETC.
Name of publisher, distributor, etc. მერანი.
260 ## - PUBLICATION, DISTRIBUTION, ETC.
Date of publication, distribution, etc. 1974.
300 ## - PHYSICAL DESCRIPTION
Extent 73გვ;16სმ.
653 ## - INDEX TERM--UNCONTROLLED
Uncontrolled term 43 ლექსი:1 პოემა.
942 ## - ADDED ENTRY ELEMENTS (KOHA)
Koha item type წიგნი
ეგზემპლარები
Withdrawn status Lost status Damaged status Not for loan Date acquired Barcode Date last seen Price effective from Koha item type
        2018-12-17 34968 2018-12-17 2018-12-17 წიგნი